| 000 | 00486nam a2200157Ia 4500 | ||
|---|---|---|---|
| 008 | 140925s9999 xx 000 0 und d | ||
| 245 |
_aCanadian Journal of Communication _h[electronic resource] |
||
| 260 | _bCanadian Journal Communication, | ||
| 516 | _aElectronic text | ||
| 650 | _aJournals. | ||
| 650 | _aMass Communication. | ||
| 830 | _aCanadian Journal Communication, | ||
| 856 | _uhttp://www.cjc-online.ca/index.php/journal | ||
| 942 | _cEJ | ||
| 999 |
_c275612 _d275612 |
||